Chemical energy and exergy An introduction to chemical thermodynamics for engineers

Gespeichert in:
Bibliographische Detailangaben
1. Verfasser: Sata, Norio
Format: Buch
Sprache:Englisch
Veröffentlicht: Amsterdam Elsevier 2004
Schlagworte:
Online-Zugang:Im OPAC anzeigen
Tags: Tag hinzufügen
Keine Tags, Fügen Sie das erste Tag hinzu!

MARC

LEADER 00000nam a2200000 a 4500
005 20260127134003.0
008 051213 2004 ne 000 0 eng d
020 |a 044451645X 
035 |a vtls008418046 
039 9 |y 200512130737  |z mschk03 
040 |a STUSCHK1  |b slo  |c STUSCHK1  |e AACR2 
080 |a 536.7 
080 |a 621.1.01 
100 1 |a Sata, Norio 
245 1 |a Chemical energy and exergy  |b An introduction to chemical thermodynamics for engineers 
260 |a Amsterdam  |b Elsevier  |c 2004 
300 |a 149 s. 
650 0 |a chemical energy  |x termodynamics for engineers 
910 |a SCHK95 
919 |a 0-444-51645-X 
999 |c 1544  |d 1544